000 00346nam a2200145 i 4500
001 bg
100 1 _aCZAJKA, Stanisław.
245 1 0 _aCzłowiek i jego potrzeby w procesie pracy /
_cS. Czajka.
260 _aWarszawa,
_c1984.
040 _cBPK
041 _apol
080 _a331:316
942 _cKS
008 s pl f |000 0 pol
999 _c2339
_d2339
856 _uhttp://koha.tu.koszalin.pl/cgi-bin/koha/opac-detail.pl?biblionumber=2339
_yKatalog online BPK